| 000 | 00373nam a2200133 4500 | ||
|---|---|---|---|
| 999 |
_c9563 _d9563 |
||
| 003 | OSt | ||
| 005 | 20210705102352.0 | ||
| 008 | 210705b ||||| |||| 00| 0 eng d | ||
| 020 | _a9781844077458 | ||
| 082 |
_a363.70091732 _bDOM |
||
| 100 | _aDodman, David | ||
| 245 | _aAdapting cities to climate change : understanding and addressing the development challenges | ||
| 942 | _2ddc | ||